Central Library OPAC University of Rajshahi

Gautrek's saga and other medieval tales / (Record no. 20382)

MARC details
000 -LEADER
fixed length control field 00949nam a2200277 a 4500
001 - CONTROL NUMBER
control field 20382
003 - CONTROL NUMBER IDENTIFIER
rucl marc code BD-RjUL
005 - DATE AND TIME OF LATEST TRANSACTION
control field 20211209000547.0
008 - FIXED-LENGTH DATA ELEMENTS--GENERAL INFORMATION
fixed length control field 140227s1968 enkb 000 1 eng
020 ## - INTERNATIONAL STANDARD BOOK NUMBER
International Standard Book Number 034009396X
035 ## - SYSTEM CONTROL NUMBER
System control number (BD-RjUL)20444
-- (OCoLC)439650
040 ## - CATALOGING SOURCE
Original cataloging agency DLC
Transcribing agency DLC
Modifying agency BD-RjUL
Language of cataloging eng
041 1# - LANGUAGE CODE
Language code of text/sound track or separate title eng
082 04 - DEWEY DECIMAL CLASSIFICATION NUMBER
Edition number 19
Classification number 839.63
Author mark and year GAU 1968
245 10 - TITLE STATEMENT
Title Gautrek's saga and other medieval tales /
Statement of responsibility, etc. translated with an introduction, by Hermann Pálsson and Paul Edwards
260 ## - PUBLICATION, DISTRIBUTION, ETC. (IMPRINT)
Place of publication, distribution, etc. New York ; London :
Name of publisher, distributor, etc. University of London Press ;New York University Press,
Date of publication, distribution, etc. c1968
300 ## - PHYSICAL DESCRIPTION
Pagination 156 p. :
Illustrations ill.,map ;
Size 22 cm
650 #0 - SUBJECT ADDED ENTRY--TOPICAL TERM
Topical term or geographic name as entry element Sagas
9 (RLIN) 62837
Topical term or geographic name as entry element Old Norse literature
Form subdivision Translations into English
9 (RLIN) 62838
Topical term or geographic name as entry element English literature
General subdivision Translations from Old Norse
9 (RLIN) 62839
700 1# - ADDED ENTRY--PERSONAL NAME
Personal name Pálsson, Hermann
Personal name Edwards, Paul
942 ## - ADDED ENTRY ELEMENTS (KOHA)
Source of classification or shelving scheme Dewey Decimal Classification
Koha item type Books
Holdings
Lost status Source of classification or shelving scheme Damaged status Not for loan Collection code Permanent Location Current Location Shelving location Date acquired Source of acquisition Cost, normal purchase price Total Checkouts Full call number Date last seen Copy number Koha item type
  Dewey Decimal Classification   Not For Loan Fiction Central Library, University of Rajshahi Central Library, University of Rajshahi Reading Room 03/02/1970 Green Book House 24.50   839.63 GAU 1968 27/02/2014 C-1 Books